000 00543nam a22001937a 4500
003 KOHA_MİRAKIL
005 20260331111449.0
008 260331b tu ||||| |||| 00| 0 tur d
020 _a9789750525346
040 _aTR-AnABB
_btur
_cTR-AnABB
041 _atur
082 _a920.5
_b ERY 2018
100 1 _aEryılmaz, Tuğrul
245 1 0 _a68'li ve gazeteci /
_cTuğrul Eryılmaz
260 _aİstanbul :
_bİletişim Yayınları ,
_c2018
300 _a264 sayfa :
_c20 cm
650 0 4 _aBiyografi, gazeteci
942 _2ddc
_cBK
999 _c10113
_d10113
900 _bCem ÖZOGLU